[Event "Polar Capital Jersey Festival"]
[Site "St. Helier"]
[Date "2017.04.08"]
[Round "9"]
[White "House, Glenn L"]
[Black "Hickman, John E"]
[Result "1-0"]
[WhiteElo "2211"]
[BlackElo "1897"]
[Annotator "TA"]
[PlyCount "63"]
[EventDate "2017.??.??"]
[EventCountry "JCI"]
[SourceTitle "playchess.com"]
[Source "ChessBase"]
[SourceQuality "1"]

{[%evp 12,63,7,0,10,0,0,-13,10,0,0,0,0,-2,16,16,16,16,18,-2,143,140,132,131,100,29,22,-40,70,0,50,57,54,47,63,48,58,20,19,38,57,46,97,99,107,99,149,0,0,0,258,280,5281,5281]} 1. Nf3 Nf6 2. g3 g6 3. Bg2 Bg7 4. O-O O-O 5. d3 d6 6. e4 e5 7. a4 {LiveBook: 5 Games. A05: Réti Opening: 1 Nf3 Nf6} (7. Nbd2 Nbd7 8. a4 a5 9. Nc4 Nc5 10. Be3 b6 11. Qd2 Ne6 12. Bh6 Bxh6 13. Qxh6 Ba6 14. Ne3 Kh8 15. Ng5 Nxg5 16. Qxg5 Nh5 17. Qh6 {½-½ (60) Fedorov,A (2555)-Landa,K (2645) Czechia 2014}) 7... a5 8. c3 Nbd7 9. Re1 {The position is equal.} b6 10. Bg5 $146 (10. Na3 Bb7 11. Qc2 Re8 12. Nc4 Nc5 13. Be3 Ng4 14. Bg5 f6 15. Bc1 Qd7 16. h3 Nh6 {½-½ (16) Pilnik,H-Trifunovic,P Beverwijk 1963}) 10... h6 11. Bxf6 Qxf6 12. Na3 Ba6 13. Qc2 Qe7 14. Rad1 Rae8 15. b4 {[#]} f5 (15... d5 $1 $11 {[%mdl 512]}) 16. Nh4 $16 Qf7 17. exf5 gxf5 18. b5 (18. Nb5 $16 Nb8 19. bxa5) 18... Bc8 $11 19. Nc4 (19. Bc6 $11) 19... Nc5 (19... e4 $1 $15) 20. Nd2 ({Better is} 20. d4 $14 exd4 21. Rxe8 Rxe8 22. cxd4) 20... d5 21. d4 $1 $36 {[%cal Rd4c5][%mdl 2048] White is pushing.} Ne4 22. Ndf3 exd4 23. cxd4 f4 24. Ne5 Bxe5 25. dxe5 fxg3 26. fxg3 Rxe5 (26... Bg4 $14) 27. Rf1 $1 $16 {[%cal Rf1f7]} (27. Bxe4 $6 Rxe4 28. Rxe4 dxe4 $11) 27... Qg7 (27... Bf5 $2 28. g4 $1 {[%mdl 512]} Bxg4 29. Rxf7 Rxf7 30. Rf1 $18) 28. Rxf8+ Kxf8 {[#]} 29. Rf1+ ({White has to play} 29. Qc6 $1 $16 Nd6 30. Bxd5) 29... Kg8 $11 30. Qc6 Bg4 $2 {[%mdl 8192] [#]} (30... Kh7 $11 {and Black has nothing to worry.}) 31. Ng6 $1 $18 {[%cal Rg6e5]} (31. Bxe4 dxe4 32. Ng6 Rf5 33. Qa8+ Kh7 34. Nf8+ Kh8 35. Rxf5 Bxf5 36. Ne6+ (36. Ng6+ Kh7 37. Nf8+ Kh8 38. Ne6+ Qg8 39. Nxc7 e3 $16) 36... Qg8 37. Nxc7 e3 $11) 31... Re6 $2 (31... Bd7 32. Qa8+ (32. Qxc7 Re6 33. Qd8+ Re8 34. Qxb6 Re6 35. Qb8+ Re8 $14) 32... Be8 33. Bxe4 (33. Nxe5 Qxe5 34. Qc8 Qd4+ 35. Kh1 Qe5 $18) 33... dxe4 34. Nxe5 Qxe5) 32. Qa8+ 1-0

[Event "Polar Capital Jersey Festival"]
[Site "St. Helier"]
[Date "2017.04.08"]
[Round "9"]
[White "Klingher, Dominic"]
[Black "Merry, Alan B"]
[Result "0-1"]
[WhiteElo "2116"]
[BlackElo "2412"]
[Annotator "TA"]
[PlyCount "54"]
[EventDate "2017.??.??"]
[EventCountry "JCI"]
[SourceTitle "playchess.com"]
[Source "ChessBase"]
[SourceQuality "1"]

{[%evp 12,54,-9,-11,-11,-21,-21,-10,-11,-43,-52,-85,-81,-84,-47,-67,-56,-43,-38,-97,-87,-94,-97,-97,-77,-205,-112,-147,-102,-358,-358,-360,-347,-361,-358,-358,-358,-347,-364,-719,-710,-758,-738,-29993,-29994]} 1. f4 d5 2. Nf3 Nf6 3. e3 Bf5 4. b3 e6 5. Bb2 Be7 6. Be2 O-O 7. O-O {LiveBook: 3 Games. A03: Bird's Opening with 1...d5} c5 8. Ne5 {Threatens to win with g4.} (8. h3 Nc6 9. d3 Bg6 10. g4 Nd7 11. Nbd2 f5 12. g5 e5 13. h4 d4 14. fxe5 dxe3 {0-1 (49) Nepomniachtchi,I (2714)-Tomashevsky,E (2714) Sochi 2014}) 8... h6 9. d3 {The position is equal.} Nfd7 10. Nd2 Nxe5 11. fxe5 $146 (11. Bxe5 Nc6 12. Bb2 Bf6 13. Qc1 Rc8 14. a4 {½-½ (47) Turikov,V (2370)-Biebinger,G (2376) Dresden 2003}) 11... Bg5 12. e4 dxe4 13. dxe4 Bg6 ({But not} 13... Qxd2 $6 14. exf5 Nc6 15. Qxd2 Bxd2 16. fxe6 fxe6 17. g3 $11) 14. Nc4 Nc6 15. Nd6 ({White should try} 15. Qe1 $15) 15... Be3+ $17 16. Kh1 Qg5 17. Nxb7 Nxe5 ({Of course not} 17... Bxe4 $6 18. Bf3 Bxf3 19. Qxf3 Nxe5 20. Bxe5 Qxe5 21. Rae1 $11) 18. Bd3 {[#]} (18. Bf3 $17) 18... c4 $1 {[%mdl 512]} ({Better is} 18... Ng4 $1 $19 {[%cal Rg4h2] ...Nxh2 is the strong threat.} 19. Qe1 {[#]} c4 $1 {[%mdl 512]} 20. Bxc4 (20. bxc4 $2 Rfb8 21. Bc3 Rxb7 $19) 20... Nxh2 $1 {[%mdl 512]} 21. Kxh2 Bxe4) 19. bxc4 Rab8 20. Ba3 $2 {[%mdl 8192]} (20. Bxe5 $17 {was the only defense.} Qxe5 21. Rb1) 20... Rxb7 $19 21. Bxf8 Kxf8 22. Rb1 Rxb1 23. Qxb1 Kg8 24. Qb5 Kh7 25. g3 $2 (25. Qa5) 25... f6 26. Kg2 Qg4 27. Qb7 Nxd3 0-1

[Event "Polar Capital Jersey Festival"]
[Site "St. Helier"]
[Date "2017.04.08"]
[Round "9"]
[White "Thalwitzer, David"]
[Black "Rudd, Jack"]
[Result "0-1"]
[WhiteElo "2114"]
[BlackElo "2177"]
[Annotator "TA"]
[PlyCount "66"]
[EventDate "2017.??.??"]
[EventCountry "JCI"]
[SourceTitle "playchess.com"]
[Source "ChessBase"]
[SourceQuality "1"]

{[%evp 9,66,19,42,-97,-94,-132,-137,-222,-202,-200,-191,-214,-189,-195,-188,-206,-208,-227,-223,-268,-207,-297,-209,-311,-322,-301,-308,-337,-362,-341,-347,-458,-400,-738,-734,-784,-784,-774,-755,-813,-797,-785,-792,-783,-775,-888,-889,-1261,-1261,-1736,-1277,-5513,-5513,-5380,-5481,-29987,-2997,-29988,-5506]} 1. e4 e5 2. Nf3 Nc6 3. Bb5 Nf6 4. d3 Bc5 5. c3 Qe7 {LiveBook: 17 Games} 6. Nbd2 {[#] C65: Ruy Lopez: Berlin Defence (3...Nf6), unusual lines and 4 0-0 Bc5} (6. O-O $14 {keeps the upper hand.}) (6. O-O a6 7. Ba4 O-O 8. d4 Bb6 9. Bxc6 dxc6 10. Nxe5 Nxe4 11. Re1 f5 12. Nd2 Qf6 13. Nxe4 fxe4 14. Be3 Be6 15. b4 {1-0 (41) Shabalov,A (2533)-Salimbagat,R (2269) Philadelphia 2016}) 6... Bxf2+ $1 $17 {[%mdl 512]} 7. Kf1 $146 {White wants to play Bxc6.} (7. Kxf2 Qc5+) (7. Kxf2 Qc5+ 8. d4 Qxb5 9. Re1 exd4 10. cxd4 d6 11. Kg1 O-O 12. Nf1 Bg4 13. Ng3 Bxf3 14. gxf3 Rfe8 15. Bg5 Qxg5 {0-1 (15) Blaszkiewicz,M (1806)-Gorecki,J (1936) Polanica Zdroj 2008}) 7... Bb6 {White must now prevent ...Qc5.} 8. Nb3 (8. Nc4 $17) 8... a6 9. Bxc6 dxc6 10. Bg5 h6 11. Bxf6 gxf6 12. Qe2 Be6 13. Nh4 O-O-O 14. Rd1 Qd7 15. Rd2 (15. Ke1 $142) 15... Rhg8 16. g3 (16. Ke1 {might work better.}) 16... Bg4 $19 17. Nf3 f5 ({Resist} 17... Bh3+ 18. Ke1 $19) 18. Ke1 fxe4 19. dxe4 Qe6 20. Rf1 f5 21. exf5 (21. c4 $142) 21... Qxf5 22. Rxd8+ Rxd8 23. Nfd2 Qg6 ({Weaker is} 23... Bxe2 24. Rxf5 Bg4 25. Rxe5 $15) 24. Rf3 Qc2 25. h3 Bxf3 ({Inferior is} 25... Qxb2 26. hxg4 Qxa2 27. Qxe5 $14) 26. Qxf3 Qxb2 27. Qf5+ Kb8 28. Qf6 Rd3 29. Qxh6 Rxg3 30. c4 Be3 31. Qf8+ Ka7 32. Qf5 Bf4 (32... Bxd2+ $142 33. Nxd2 Rg2 34. Qf3 Qc1+ 35. Qd1 Rg1+ 36. Nf1 {[#]} Rxf1+ $1 {[%mdl 512]} 37. Kxf1 Qxd1+ 38. Kf2 e4 39. Ke3 Qf3+ 40. Kd4 c5+ $1 {[%mdl 512]} 41. Ke5 e3 42. a3 e2 43. Ke6 e1=Q+ 44. Kd7 Qc6+ 45. Kd8 Qee8#) 33. Qd7 Rg2 (33... Qc3 $142 34. Qg4 Rxg4 35. hxg4 e4 36. Ke2 Qd3+ 37. Ke1 Bg3+ 38. Kd1 e3 39. Kc1 Be5 40. Nf3 e2 41. Nbd4 Bxd4 42. Nxd4 Qc3+ 43. Nc2 e1=Q#) 0-1